Southville International School and Colleges
Your cart is empty.
  • Cart
  • Lists
    Public lists Eva Luna New books Lux_list list_1
    Your lists Log in to create your own lists
  • Log in to your account
  • Your cookies
  • Search history
Southville International School and Colleges
  • Advanced search
  • Recent comments
  • Most popular
  • Libraries

Log in to your account

Log in with GOOGLE


If you do not have an external account, but do have a local account, you can still log in:

  1. Home
  2. MARC view: dBase III plus handnook /
Normal view MARC view ISBD view

dBase III plus handnook / (Record no. 300935)

[ view plain ]
MARC details
000 -LEADER
fixed length control field 00579nam a2200229Ia 4500
008 - FIXED-LENGTH DATA ELEMENTS--GENERAL INFORMATION
fixed length control field 160901s9999 xx 000 0 und d
020 ## - INTERNATIONAL STANDARD BOOK NUMBER
International Standard Book Number 971-8613-71-4
050 ## - LIBRARY OF CONGRESS CALL NUMBER
Classification number ComSc QA 76.9
050 ## - LIBRARY OF CONGRESS CALL NUMBER
Item number .D3C46 1986
100 ## - MAIN ENTRY--PERSONAL NAME
Personal name Chou, George Tsu-der.
245 ## - TITLE STATEMENT
Title dBase III plus handnook /
245 ## - TITLE STATEMENT
Statement of responsibility, etc George Tsu-Der Chou.
250 ## - EDITION STATEMENT
Edition statement 2nd Edition
260 ## - PUBLICATION, DISTRIBUTION, ETC. (IMPRINT)
Place of publication, distribution, etc Manila :
260 ## - PUBLICATION, DISTRIBUTION, ETC. (IMPRINT)
Name of publisher, distributor, etc Global Publishing,
260 ## - PUBLICATION, DISTRIBUTION, ETC. (IMPRINT)
Date of publication, distribution, etc 1995
300 ## - PHYSICAL DESCRIPTION
Extent 519 pages :
300 ## - PHYSICAL DESCRIPTION
Other physical details ill. ;
300 ## - PHYSICAL DESCRIPTION
Dimensions 22 cm.
500 ## - GENERAL NOTE
General note Includes index.
650 ## - SUBJECT ADDED ENTRY--TOPICAL TERM
Topical term or geographic name as entry element dBase III plus (Computer file).
Holdings
Withdrawn status Lost status Damaged status Home library Current library Shelving location Date acquired Cost, normal purchase price Total Checkouts Full call number Barcode Date last seen Price effective from Koha item type
      South Mansfield College South Mansfield College   08/25/2006 0.00   ComSc QA 76.9 .D3C46 1986 SMC03331 09/01/2016 09/01/2016  

dBase III plus handnook /

APA

Chou G. T., .dBase III plus handnook. Manila: .

Chicago

Chou George Tsu-der, .dBase III plus handnook. Manila: .

Harvard

Chou G. T., .dBase III plus handnook. Manila: .

MLA

Chou George Tsu-der, .Manila: . .

  • Place hold
  • Print
  • Cite
  • Add to your cart (remove)
  • Save record
    BIBTEX Dublin Core MARCXML MARC (non-Unicode/MARC-8) MARC (Unicode/UTF-8) MARC (Unicode/UTF-8, Standard) MODS (XML) RIS
  • More searches
    Search for this title in:
    Other Libraries (WorldCat) Other Databases (Google Scholar) Online Stores (Bookfinder.com) Open Library (openlibrary.org)

Exporting to Dublin Core...

SOUTHVILLE LIBRARY

Southville International School and Colleges Library

1281 Tropical Ave. Cor. Luxembourg St., BF Homes International, Las Pinas City

Tel. No. 8256374 / 252358 Loc. 117/146

Powered by Koha